| 000 | 00436nam a22001697a 4500 | ||
|---|---|---|---|
| 003 | OSt | ||
| 005 | 20211123161536.0 | ||
| 008 | 211123b |||||||| |||| 00| 0 eng d | ||
| 020 | _a0 901762 41 5 | ||
| 040 | _cHAWASSA UNIVERSITY | ||
| 050 |
_b1 _a641/MAT |
||
| 082 |
_25 _a641/MAT _b1 |
||
| 100 |
_aMATTHEWS WENDY _qMATTHEWS WENDY _920240 |
||
| 245 | _aFIRSTBOOK OF NUTRITION | ||
| 260 |
_aLONDON _bFORBES _c1979 |
||
| 942 |
_2ddc _cBOOKS _n0 |
||
| 999 |
_c19856 _d19856 |
||